Compendio de artículos técnicos del ciclo sobre el marco teórico conceptual

שמור ב:
מידע ביבליוגרפי
מחבר תאגידי: ICAP
פורמט: Texto
יצא לאור: San José: ICAP
תגים: הוספת תג
אין תגיות, היה/י הראשונ/ה לתייג את הרשומה!

MARC

LEADER 00000 a a2200000 04500
001 25530
003
040
090 |a 153802  
110 |a ICAP  
245 |a Compendio de artículos técnicos del ciclo sobre el marco teórico conceptual  
260 |a San José:   |b ICAP  
300 |a p. irreg; vol. I  
999 |c 858  |d 858